Normal view
MARC view
- فريحات، إيمان
Entry Personal Name
001 - CONTROL NUMBER
- control field: 48878
003 - CONTROL NUMBER IDENTIFIER
- control field: JO-AjAnu
005 - DATE AND TIME OF LATEST TRANSACTION
- control field: 20230606082047.0
008 - FIXED-LENGTH DATA ELEMENTS
- fixed length control field: 230606|| aca||aabn | a|a d
040 ## - CATALOGING SOURCE
- Original cataloging agency: JO-AjAnu
- Transcribing agency: JO-AjAnu
100 ## - HEADING--PERSONAL NAME
- Personal name: فريحات، إيمان
670 ## - SOURCE DATA FOUND
- Source citation: Work cat.: (JO-AjAnu)25002: فريحات، إيمان, author, تسليم المجرمين في الأردن ( 1927-2012م): دراسة تاريخية